[Event "FRA-ch U16 Girls"]
[Site "Gonfreville"]
[Date "2016.??.??"]
[Round "5"]
[White "Pigeat, Typhaine"]
[Black "Imperor, Amelie"]
[Result "0-1"]
[WhiteElo "1597"]
[BlackElo "1714"]
[PlyCount "60"]
[EventDate "2016.04.22"]
[EventType "swiss"]
[EventRounds "9"]
[EventCountry "FRA"]
[SourceTitle "EXT 2019"]
[Source "ChessBase"]
[SourceDate "2018.10.10"]
[SourceVersion "1"]
[SourceVersionDate "2018.10.10"]
[SourceQuality "1"]

1. e4 c5 2. c3 Nf6 3. e5 Nd5 4. d4 cxd4 5. cxd4 e6 6. Nf3 d6 7. Bc4 Nc6 8. Nc3 Nxc3 9. bxc3 dxe5 10. dxe5 Qxd1+ 11. Kxd1 Bc5 12. Ke2 b6 13. Bb5 Bb7 14. Nd4 Bxd4 15. cxd4 0-0-0 16. Bxc6 Bxc6 17. Be3 Bxg2 18. Rhg1 Be4 19. f3 Bg6 20. Rgc1+ Kb7 21. Kd2 Rd5 22. Rc3 Rb5 23. Rb3 Ra5 24. Rc3 Rd8 25. a3 Rxe5 26. Ke2 Rh5 27. Bg1 Rb5 28. a4 Rb2+ 29. Ke3 Rd5 30. Rd1 e5 0-1

[Event "FRA-chT GpA (Women)"]
[Site "Montpellier"]
[Date "2015.05.08"]
[Round "3.3"]
[White "Pigeat, Typhaine"]
[Black "Bonvalot, Isabelle"]
[Result "0-1"]
[WhiteElo "1422"]
[BlackElo "1888"]
[PlyCount "122"]
[EventDate "2015.05.07"]
[EventType "team-tourn"]
[EventRounds "7"]
[EventCountry "FRA"]
[SourceTitle "CBM 166 Extra"]
[Source "ChessBase"]
[SourceDate "2015.06.18"]
[SourceVersion "1"]
[SourceVersionDate "2015.06.18"]
[SourceQuality "1"]
[WhiteTeam "Bonnencontre (W)"]
[BlackTeam "Clichy Echecs 92 (W)"]
[WhiteTeamCountry "FRA"]
[BlackTeamCountry "FRA"]

1. e4 g6 2. Nf3 Bg7 3. d4 c5 4. c3 cxd4 5. cxd4 d6 6. Nc3 Nf6 7. h3 0-0 8. Be2 Nc6 9. 0-0 a6 10. a3 b5 11. Be3 Bb7 12. Nd2 e5 13. dxe5 dxe5 14. Nb3 Qc7 15. Qc2 Rac8 16. Rad1 Na5 17. Nxa5 Qxa5 18. Qb1 b4 19. axb4 Qxb4 20. f3 Rfd8 21. Rxd8+ Rxd8 22. Na2 Qb3 23. Nc3 Nh5 24. Qa2 Qxa2 25. Nxa2 Ng3 26. Re1 Nxe2+ 27. Rxe2 Bf8 28. Rd2 Rb8 29. Bg5 Bc5+ 30. Kh2 Bd4 31. Nc3 Kg7 32. Be7 Bc6 33. Ba3 f5 34. exf5 gxf5 35. Ne2 Be3 36. Rd3 Bg5 37. Rc3 Bb5 38. Nc1 e4 39. Bd6 Rd8 40. Be5+ Kg6 41. fxe4 fxe4 42. Rc2 e3 43. Bc3 Rf8 44. Be1 Rf1 45. Bg3 Rd1 46. Ne2 Rd2 47. Rxd2 exd2 48. Nc3 Be2 49. Kg1 Be3+ 50. Bf2 Bxf2+ 51. Kxf2 d1Q 52. Nxd1 Bxd1 53. Ke3 Kf5 54. g3 Bb3 55. Kf3 Bc4 56. Ke3 Bf1 57. h4 Kg4 58. Kf2 Bc4 59. Kg2 Bd5+ 60. Kf2 Bc6 61. b3 a5 0-1